Sistemas locales de información y fortalecimiento de los gobiernos municipales /

Zapisane w:
Opis bibliograficzny
1. autor: Hoekman, Arie
Format: Texto
Hasła przedmiotowe:
Etykiety: Dodaj etykietę
Nie ma etykietki, Dołącz pierwszą etykiete!

MARC

LEADER 00000 a a2200000 04500
001 16170
003
040
100 |a Hoekman, Arie  
245 |a Sistemas locales de información y fortalecimiento de los gobiernos municipales /  |c Arie Hoekman 
650 |a GOBIERNO LOCAL  
650 |a DESCENTRALIZACION  
773 |g número 52; páginas 285-299  
999 |c 26830  |d 26830